000 00472nam a2200145 4500
008 171103b xxu||||| |||| 00| 0 eng d
022 _a0115-3544
082 _22007
_aDPer 338.0405
_bEn85
245 _aEntrepreneur.
260 _aIrvine, California :
_bEntrepreneur Media,
_c©2007.
300 _a1(various paging):
_bcolor illustrations;
_c27 cm.
650 0 _923090
_aEntrepreneurship -- Periodicals.
650 0 _923091
_aEntrepreneur -- Periodicals.
942 _2ddc
_cPER
999 _c7657
_d7657